Limón 1880-1940. Un estudio de la industria bananera en Costa Rica /
Consideraciones macroeconómicas, sociales y poblacionales de Limón, Costa Rica, desde 1880 hasta 1940 identifica los procesos por medio de los cuales se pobló y desarrolló la región atlántica de Costa Rica destaca las relaciones políticas de la producción bananera, con paulatina participación del e...
Guardado en:
| Hovedforfatter: | |
|---|---|
| Format: | Texto |
| Fag: | |
| Tags: |
Tilføj Tag
Ingen Tags, Vær først til at tagge denne postø!
|
MARC
| LEADER | 00000 a a2200000 04500 | ||
|---|---|---|---|
| 001 | 8008 | ||
| 003 | |||
| 040 | |||
| 100 | |a Casey Gaspar, Jeffrey J | ||
| 245 | |a Limón 1880-1940. Un estudio de la industria bananera en Costa Rica / |c Jeffrey J Casey Gaspar | ||
| 520 | |a Consideraciones macroeconómicas, sociales y poblacionales de Limón, Costa Rica, desde 1880 hasta 1940 |a identifica los procesos por medio de los cuales se pobló y desarrolló la región atlántica de Costa Rica destaca las relaciones políticas de la producción bananera, con paulatina participación del estado las relaciones entre los exportadores de banano, los productores privados y la mano de obra no especializada, incluye un análisis macro-económico de la producción bananera y aspectos de la dinámica de población./ALLV | ||
| 650 | |a BANANOS | ||
| 650 | |a PLANTACIONES | ||
| 773 | |g número 23; páginas 245-279 | ||
| 999 | |c 23631 |d 23631 | ||
